| 000 | 00348nam a22001457a 4500 | ||
|---|---|---|---|
| 003 | OSt | ||
| 008 | 220829b |||||||| |||| 00| 0 eng d | ||
| 020 | _a9788122497532 | ||
| 082 |
_a633.83 _bSIN/SP |
||
| 100 |
_aSingh, V.B _aKirti singh _95254 |
||
| 245 | _aSpices | ||
| 260 |
_aNew delhi _bNew age international _c1996 |
||
| 300 | _a253 | ||
| 942 | _cBK | ||
| 999 |
_c17555 _d17555 |
||